Oregon Football: Top 10 All-Time Leaders - Statistics

General Stats
  • This quiz has been taken 22 times
  • The average score is 14 of 59
Answer Stats
Category # Player Amount % Correct
Passing Yards 3 Bo Nix 8,101
100%
Passing Yards 2 Justin Herbert 10,541
95%
Passing Yards 1 Marcus Mariota 10,796
95%
Receiving Yards 6 Troy Franklin 2,483
63%
Passing Yards 8 Joey Harrington 6,057
58%
Rushing Yards 2 LaMichael James 5,082
58%
Passing Yards 10 Darron Thomas 5,910
53%
Rushing Yards 1 Royce Freeman 5,621
47%
Rushing Yards 7 Jonathan Stewart 2,891
42%
Rushing Yards 3 Kenjon Barner 3,623
42%
Passing Yards 9 Dan Fouts 5,995
32%
Sacks T7 Kayvon Thibodeaux 19.0
32%
Passing Yards 6 Kellen Clemens 7,555
32%
Interceptions T6 Steve Smith 13
32%
Rushing Yards 5 Travis Dye 3,111
32%
Rushing Yards 6 CJ Verdell 2,929
26%
Tackles 4 Troy Dye 391
26%
Passing Yards 7 Chris Miller 6,681
21%
Interceptions 1 George Shaw 18
21%
Sacks 1 Nick Reed 29.5
21%
Sacks T7 Reggie Jordan 19.0
21%
Rushing Yards 8 Terrence Whitehead 2,832
21%
Passing Yards 4 Bill Musgrave 7,631
16%
Tackles T9 Chad Cota 336
16%
Receiving Yards 1 Demetrius Williams 2,660
16%
Rushing Yards 4 Derek Loville 3,214
16%
Sacks 4 Devan Long 24.5
16%
Interceptions T6 Erick Dargan 13
16%
Sacks 2 Ernest Jones 29.0
16%
Interceptions T2 Jairus Byrd 17
16%
Receiving Yards 5 Jaison Williams 2,546
16%
Receiving Yards 9 Jeff Maehl 2,311
16%
Receiving Yards 8 Josh Huff 2,366
16%
Receiving Yards 4 Keenan Howry 2,552
16%
Tackles 7 Kevin Mitchell 366
16%
Interceptions T6 Mario Clark 13
16%
Sacks T7 Matt Brock 19.0
16%
Tackles 5 Patrick Chung 384
16%
Receiving Yards 2 Samie Parker 2,599
16%
Interceptions T6 Aaron Gipson 13
11%
Interceptions 5 Bill Drake 14
11%
Tackles 2 Bruce Beekley 429
11%
Tackles 8 Chris Cosgrove 354
11%
Interceptions 4 Chris Oldham 15
11%
Receiving Yards 7 Cristin McLemore 2,368
11%
Passing Yards 5 Danny O'Neil 7,618
11%
Tackles 6 Darrell Mehl 373
11%
Interceptions T2 Jake Leicht 17
11%
Tackles 3 Joe Farwell 393
11%
Sacks T5 Kenny Rowe 23.5
11%
Sacks T5 Matt LaBounty 23.5
11%
Sacks 3 Saul Patu 26.5
11%
Rushing Yards 9 Sean Burwell 2,690
11%
Sacks T7 Steve Baack 19.0
11%
Tackles T9 Steve Rennie 336
11%
Receiving Yards 10 Terry Obee 2,200
11%
Tackles 1 Tom Graham 433
11%
Receiving Yards 3 Tony Hartley 2,596
11%
Rushing Yards 10 Ricky Whittle 2,423
5%
No matching quizzes found
Score Distribution
Percent of People with Each Score
Percentile by Number Answered
Your Score History
You have not taken this quiz